000 00622cam a2200205 4500
001 J100284
008 000000n1999 000 0 eng u
035 _a(Sirsi) u100034
041 _aENG
050 _a306.2
110 _aUnited Kingdom
_bDepartment of the Environment, Transport and the Regions
_93507
245 _aDeveloping good practice in tenant participation
260 _aLondon
_bDepartment of the Environment Transport and the Regions
_c1999
300 _a57p. ; 30cm.
650 _aHOUSING MANAGEMENT
650 _aSOCIAL HOUSING
650 _aTENANT PARTICIPATION
690 _aHOUSING
942 _n0
999 _c99559
_d99559